Desserts par image - Statistiques

Statistiques générales
  • Ce quiz a été pris 2 194 fois
  • Le résultat moyen est 9 sur 16
Statistiques - réponses
Par images Réponse % Correct
Éclair
99%
Tiramisù
94%
Mousse au chocolat
91%
Mille-feuille
81%
Crème brûlée
79%
Cupcake
71%
Cheesecake
58%
Sorbet
58%
Profiterole
57%
Œufs à la neige
51%
Clafoutis
48%
Soufflé
43%
Christmas Pudding
22%
Boule de Berlin
9%
Sabayon
2%
Bavarois
1%
Aucun quiz correspondant
Distribution des résultats
% des personnes avec chaque résultat
Percentile par nombre de réponses
Votre historique - résultats
Vous n’avez pas pris ce quiz